| 000 | 00482pam a2200193 a 4500 | ||
|---|---|---|---|
| 020 | _c | ||
| 040 | _aMedical College Libr | ||
| 041 |
_aENG _hENG |
||
| 100 | _aMackay, Judith . | ||
| 245 |
_aThe Tabacco Atals / _c _hTextual Documents |
||
| 250 |
_a / _b. |
||
| 260 |
_a : _bWHO , _c2002. |
||
| 300 |
_a1453 ; _c |
||
| 653 |
_aMedical Science _aPreventive and Social Medicine |
||
| 700 | _aWHO, . | ||
| 930 | _a5502 | ||
| 999 |
_c5501 _d5501 |
||